Current trends and drivers of change in logistics

Salvato in:
Dettagli Bibliografici
Autore principale: Pozor, Marián
Natura: Capitolo di libro
Lingua:inglese
Tags: Aggiungi Tag
Nessun Tag, puoi essere il primo ad aggiungerne!!

MARC

LEADER 00000naa$a2200000$$$4500
001 0122718
005 20240502072403.6
041 0 |a eng 
044 |a SK 
245 1 0 |a Current trends and drivers of change in logistics  |c Marián Pozor 
100 1 |a Pozor, Marián